| 000 | 00618aam a2200241 4500 | ||
|---|---|---|---|
| 005 | 20260406172222.0 | ||
| 008 | 150616b xxu||||| |||| 00| 0 spa d | ||
| 020 | _a9789875000780 | ||
| 041 | _aESP | ||
| 082 | _a364.4 C348i | ||
| 100 |
_aCastel, Robert _924660 |
||
| 245 | _aLa inseguridad social: ¿Qué es estar protegido? | ||
| 260 | _aArgentina | ||
| 260 | _bManantial | ||
| 260 | _c2011 | ||
| 300 | _a120 páginas | ||
| 490 | _aInvestigación Criminal | ||
| 650 | _aINSEGURIDAD SOCIAL | ||
| 650 | _aSEGURIDAD SOCIAL | ||
| 650 | _aSEGURIDAD CIVIL | ||
| 650 | _aESTADO DE DERECHO | ||
| 942 |
_cBK _2ddc |
||
| 999 |
_c2882 _d2882 |
||